000 01572nam a2200241Ia 4500
003 Ost
005 20260507075749.0
008 260507s9999||||xx |||||||||||||| ||und||
020 _a9789931140481
040 _cfsecg
041 _aara
082 _a658
100 _aبن عبد العزيز، سمير
_eمؤلف
245 0 _aالوجيز في إدارة الأعمال الدولية /
_c سمير بن عبد العزيز
260 _aالجزائر:
_bدار أجيال الرقمي ,
_c2023
300 _a199 صفحة؛
_bإيضاحات ؛
_c24 سم
504 _aبيبليوغرافيا: ص ص.190-194
520 _aيتناول الكتاب الأعمال الدولية مفهومها، طبيعتها ومجالاتها ويضم التجارة الدولية، العولمة، المنظمة العالمية للتجارة والتكامل الاقتصادي بالإضافة إلى التجارة الدولية، ميزان المدفوعات وأسعار صرف العملات، ويتحدث كذلك عن الإستثمار الأجنبي، أنواعه، نظرياته ومخاطره بما فيه بيئة الأعمال الدولية وتحليل مخاطرها، البيئة المالية الدولية، وفي الأخير تحدث عن التخطيط الاستراتيجي والإدارة الاستراتيجية في الشركات متعددة الجنسيات.
653 _aإدارة الأعمال
653 _aالإستثمارات الأجنبية
653 _aالتجارة الخارجية
942 _cكتاب
999 _c46217
_d46217